Vainqueur de la CAN - Statistiques

Statistiques générales
  • Ce quiz a été pris 816 fois
  • Le résultat moyen est 10 sur 14
Statistiques - réponses
Nombre de titre Pays % Correct
2 titres Algérie
96%
7 titres Egypte
96%
1 titre Maroc
95%
5 titres Cameroun
87%
2 titre Côte d'Ivoire
86%
1 titre Tunisie
82%
1 titre Congo
74%
3 titres Nigeria
74%
1 titre Afrique du Sud
71%
4 titres Ghana
65%
1 titre Zambie
48%
1 titre Soudan
35%
1 titre Ethiopie
33%
3 titres Zaïre
16%
Aucun quiz correspondant
Distribution des résultats
% des personnes avec chaque résultat
Percentile par nombre de réponses
Votre historique - résultats
Vous n’avez pas pris ce quiz